Közjogi hungarikum - a magyar állampolgárság felfüggesztése
Az Alaptörvény tizenötödik módosítása (2025) és annak nyomán az állampolgársági jogszabályok megváltoztatása vezette be a magyar állampolgárság felfüggesztését a kettős állampolgárok számára, számos alkotmányjogi és emberi jogi aggály ellenére, valamint közbiztonságra vonatkozó hatékonysági bizonyít...
Elmentve itt :
| Szerzők: | |
|---|---|
| Dokumentumtípus: | Cikk |
| Megjelent: |
2025
|
| Sorozat: | KÖZJOGI SZEMLE
18 No. 4 |
| Tárgyszavak: | |
| doi: | 10.59851/KJSZ.2025.4.01 |
| mtmt: | 36952579 |
| Online Access: | http://publicatio.bibl.u-szeged.hu/39376 |
| LEADER | 01809nab a2200229 i 4500 | ||
|---|---|---|---|
| 001 | publ39376 | ||
| 005 | 20260225084615.0 | ||
| 008 | 260225s2025 hu o 000 hun d | ||
| 022 | |a 1789-6991 | ||
| 024 | 7 | |a 10.59851/KJSZ.2025.4.01 |2 doi | |
| 024 | 7 | |a 36952579 |2 mtmt | |
| 040 | |a SZTE Publicatio Repozitórium |b hun | ||
| 041 | |a hun | ||
| 100 | 1 | |a Ugróczky Mária | |
| 245 | 1 | 0 | |a Közjogi hungarikum - a magyar állampolgárság felfüggesztése |h [elektronikus dokumentum] / |c Ugróczky Mária |
| 260 | |c 2025 | ||
| 300 | |a 1-12 | ||
| 490 | 0 | |a KÖZJOGI SZEMLE |v 18 No. 4 | |
| 520 | 3 | |a Az Alaptörvény tizenötödik módosítása (2025) és annak nyomán az állampolgársági jogszabályok megváltoztatása vezette be a magyar állampolgárság felfüggesztését a kettős állampolgárok számára, számos alkotmányjogi és emberi jogi aggály ellenére, valamint közbiztonságra vonatkozó hatékonysági bizonyíték nélkül. Noha nemzetközi kitekintéssel sem szerezhető konkrét adat a felfüggesztésről, mivel az nem ismeretes sehol, ám a céljában és veszélyeiben a felfüggesztéssel egylényegű állampolgárságtól megfosztásra igen sok szabályt megvizsgáltak a nemzetbiztonság védelmében. Ezekből kitűnik, hogy kevés példa van az alkalmazásukra, mert kivételesek. Bár eddig nem tudunk egyetlen hazai esetről sem, a nemzetközi kritikák már megérkeztek. A szerzők a hazai jogtörténetre és a nemzetközi tapasztalatokra figyelemmel teszik a magyar kuriozitások gyűjteményébe az állampolgárság felfüggesztését. | |
| 650 | 4 | |a Jogtudomány | |
| 700 | 0 | 1 | |a Tóth Judit |e aut |
| 856 | 4 | 0 | |u http://publicatio.bibl.u-szeged.hu/39376/1/UgroczkyMaria-TothJudit_Kozjogihungarikum-amagyarallampolgarsagfelfuggeszteseKJSZ2025_4.1-12.o._SzakcikkAdatbazis.pdf |z Dokumentum-elérés |